000 00764nam a22002537a 4500
003 UA-OsUOA
001 89721
007 ta
008 20121109b un ||||| |||| 00| 0 ukr d
100 _aГрайворонський М. В.
700 _aНовіков О. М.
090 _a004.056.5
_bГ75
942 _cBK
040 _aUA-OsUOA
_bukr
_cUA-OsUOA
_dUA-OsUOA
245 _aБезпека інформаційно-комунікаційних систем
_bпідручник
300 _a608 с.
955 _a2
041 _aukr
080 _a004.056.5
020 _a966-552-167-5
260 _aК.
_bВидавнича група BHV
_c2009
650 7 _a00 Загальні питання науки і культури
_2UDC
999 _c376004
_d376004